00321nam a2200109Ia 4500008004100000082000800041100001900049245002400068942000600092952009800098999001500196240331s9999 xx 000 0 und d bRAJ aRajadurai, S.V 0aHindu, hindi, India cL 001040708LaWERCLbWERCLcSSCd2024-03-31l0o 320.99 RAJp3226r2024-03-31w2024-03-31yL c2338d2338